000 00411nam a22001697a 4500
003 LK-CoMWRAF
005 20230930214743.0
008 230930b |||||||| |||| 00| 0 eng d
040 _aLK-CoMWRAF
_dLK-CoMWRAF
_eLK-CoMWRAF
041 _aeng
082 _a297.122
_bALI
100 _aAli, Abdullah Yusuf
245 _aThe Meaning of the glorious Quran
490 _aVolume iv
650 _aQuran
942 _cBK
999 _c3765
_d3765